“鱼生”地点数量≥100的地级行政区 Prefectures with ≥100 "Yusheng" sites - Statistics

General Stats
  • This quiz has been taken 40 times
  • The average score is 7 of 11
Answer Stats
地级行政区 数量 % Correct
广州 445
97%
深圳 173
97%
佛山 379
92%
东莞 261
84%
中山 136
78%
惠州 143
76%
潮州 346
68%
南宁 568
51%
梅州 282
35%
河源 146
24%
贵港 103
19%
No matching quizzes found
Score Distribution
Percent of People with Each Score
Percentile by Number Answered
Your Score History
You have not taken this quiz